| 000 | 00430nam a2200157 4500 | ||
|---|---|---|---|
| 001 | 122737 | ||
| 003 | ES-MaACL | ||
| 005 | 20230906192032.0 | ||
| 007 | t| | ||
| 008 | 070214s1977 sp r ||||1| spa d | ||
| 245 | 0 | 3 |
_aEl proceso electoral / _cJorge de Esteban... [et al.]. |
| 260 |
_aBarcelona : _bLabor, _c1977. |
||
| 300 |
_a384 p. ; _c18 cm. |
||
| 700 | 1 |
_aEsteban, Jorge de. _948032 |
|
| 852 |
_aES-MaACL _jL-2399 _bR.103303 |
||
| 999 |
_c122737 _d122737 |
||